Регионална библиотека "Любен Каравелов" - Русе

Художникът и слънцето (Запис номер 143473)

MARC детайли
000 -Лидер
Контролно поле с фиксирана дължина 01622nam a2200361 c 4500
003 - Код на организацията, давaща контролен номер
Контролно поле BLK
005 - Дата и час на последна редакция
Контролно поле 20250129005527.0
008 - Елементи от данни с фиксирана дължина
fixed length control field 180409b bul|||||r ||||||| ||bul||
010 ## - Наследен системен номер
LC control number KNG00149596000
040 ## - Източник на каталожния запис
Идентификатор на билиотеката - собственик на записа BLK
041 ## - Код за език
Код за езика на текст/звукозапис или на отделно заглавие Български
Код за езика КДБФ Български
080 ## - УДК
Текстов определител УДК Българска литература
УДК код - определител по УДК 821.163.2
УДК определител -93-32
УДК - код + определител 821.163.2-93-32
100 ## - Редна дума - Автор
Автор Струмски, Георги
Дати, свързани с автора 1932 - 2013
Автор - информация (биография) Писател, поет, преводач от руски език.
Пълна форма на името Йорданов, Георги Асенов
R(LIN) 375654
139 ## - Редно поле
Редна дума Струмски, Георги
Авторски знак Стро - С 87
245 10 - Сведения за заглавието
Заглавие Художникът и слънцето
Подзаглавни данни [Владимир Димитров-Майстора : Повест за деца]
Редно поле (дума) Георги Струмски
257 ## - Страна на издаване
Страна на създаване/издаване България
260 ## - Област на издателските данни
Място на издаване, разпространение и проч. София
Име на издателя, разпространителя и проч. Бълг. писател
Година на издаване 1973
Печатница София : ДПК Д. Благоев
300 ## - Физическа характеристика
Страници 144 с.
Илюстрации и др. 6 л. : ил.
Размери/Мащаб 21 см
380 ## - Жанр
Жанр Детска худож. лит.
500 ## - Общи забележки
Забележка Истинското име на авт. е Георги Асенов Йорданов. - 20 100 тир.
600 14 - Име на лице, използвано като предмет
За него / За нея Димитров - Майстора, Владимир
9 (RLIN) 370503
653 ## - Ключова дума – ненормативна
Ключова дума детска литература
653 ## - Ключова дума – ненормативна
Ключова дума литература за деца
700 ## - Други автори (авторска отговорност)
Лично име Йорданов, Георги Асенов
9 (RLIN) 326703
852 ## - Местоположение
Форматна сигнатура Цб 69471
Фондова буква Хранилище
856 4# - Електронен адрес и достъп
Електронен формат pdf - файл
856 4# - Електронен адрес и достъп
Електронен формат pdf - файл
999 ## - СИСТЕМНИ КОНТРОЛНИ НОМЕРА
Koha biblionumber 143473
Koha biblioitemnumber 143473
942 ## - АРТИКУЛИ
Вид на библиотечния материал Книги
Скрит в OPAC Не
Периодичен библиозапис Да
944 ## - СЪЗДАВАНЕ И РЕДАКЦИЯ на ЗАПИСА
Създаване/Редакция Създаване
Дата на регистрацията/редакция 20.08.2013
Статус, дата на статуса CRON CRON
Служител, извършил регистрацията/редакцията
944 ## - СЪЗДАВАНЕ И РЕДАКЦИЯ на ЗАПИСА
Създаване/Редакция Редакция
Дата на регистрацията/редакция 19.09.2017
Статус, дата на статуса 20.08.2013 - от С1,Р / 20.08.2013
Служител, извършил регистрацията/редакцията Христина_Везирева
944 ## - СЪЗДАВАНЕ И РЕДАКЦИЯ на ЗАПИСА
Създаване/Редакция Редакция
Дата на регистрацията/редакция 2022-08-08
Служител, извършил регистрацията/редакцията ВП
999 ## - СИСТЕМНИ КОНТРОЛНИ НОМЕРА
Koha biblioitemnumber 143473
Наличности
Код за отписване Код за изгубен артикул Източник на класификационната схема Код за повреда Коз за рестрикции Код за отдаване Артикулен № Име на библиотеката - собственик Име на библиотеката, в която се намира в момента Статус (Текущо местоположение) Дата на вписване в системата Местоположение - отдел Цена в лева Инвентарен номер Систематично азбучна сигнатура Баркод Номер на екземпляра Цена в евро Служебна бележка Служебен тип на артикула Бележка за публиката
  Не е изгубен Universal Decimal Classification Не е повреден без рестрикции ползва се в читалня 238198 Регионална библиотека "Любен Каравелов" Русе Регионална библиотека "Любен Каравелов" Русе Хранилище 1973-01-01 Хранилище 0.81 146045 Цб 69471 120000146045 1 0.41 N: стар фонд Дата: 01.01.1973 Книги  
Изтеглен Не е изгубен   Не е повреден без рестрикции заемане за дома 238199 Регионална библиотека "Любен Каравелов" Русе Регионална библиотека "Любен Каравелов" Русе   1973-01-01 Детски отдел 0.81 149404 ДХ 886.7/С 87 149404 2 0.41 N: стар фонд Дата: 01.01.1973 Дата инв: 29.09.2015 Бележки инв: Д2015 Книги Отч.N: 30/2017 , Дата: 01.09.2017
Изтеглен Не е изгубен   Не е повреден без рестрикции заемане за дома 238200 Регионална библиотека "Любен Каравелов" Русе Регионална библиотека "Любен Каравелов" Русе   1973-01-01 Детски отдел 0.81 149407 ДХ 886.7/С 87 149407 3 0.41 N: стар фонд Дата: 01.01.1973 Дата инв: 28.09.2015 Бележки инв: Д2015 Книги Отч.N: 27/2017 , Дата: 16.08.2017
Изтеглен Не е изгубен   Не е повреден без рестрикции заемане за дома 238201 Регионална библиотека "Любен Каравелов" Русе Регионална библиотека "Любен Каравелов" Русе   1973-01-01 Детски отдел 0.81 573990 ДХ 886.7/С 87 573990 4 0.41 N: стар фонд Дата: 01.01.1973 Дата инв: 29.09.2015 Бележки инв: Д2015 Книги Отч.N: 32/2017 , Дата: 04.09.2017
Изтеглен Не е изгубен   Не е повреден без рестрикции заемане за дома 238202 Регионална библиотека "Любен Каравелов" Русе Регионална библиотека "Любен Каравелов" Русе Детски отдел 1973-01-01 Детски отдел 0.81 624840 ДХ 886.7/С 87 624840 5 0.41 N: Сф Дата: 01.01.1973 Дата инв: 29.10.2015 Бележки инв: Д2015 Книги  
Vip Innovations Ltd, Rousse, Bulgaria 2025